000 00415pab a2200133 454500
008 180718b1986 xxu||||| |||| 00| 0 eng d
100 _aThai, Khi V.
245 _aPublic budgeting and financial management curriculum reform
_bA conceptual framework
260 _c1986
300 _a315-35
650 _aFinance, Public - Study and Teaching
773 _aInternational Journal of Public Administration
909 _a8528
999 _c8528
_d8528